000
00331 a2200157 4500
001
169797
020
_a
040
_c
Magnum
100
_a
Nicolelis, Giselda Laporta
240
1
0
_a
Paixao proibida
_l
por
245
1
0
_a
Paixao proibida
362
0
_a
1899
440
1
_a
Moderna
697
_a
J/ADOLESCENTE, NAMORO
942
_c
BK
999
_c
169797
_d
169797